| 000 | 00623nam a22002057a 4500 | ||
|---|---|---|---|
| 999 |
_c822 _d822 |
||
| 003 | AR-CdUCM | ||
| 008 | 190225b ||||| |||| 00| 0 spa d | ||
| 040 |
_aMUNICIPALIDAD PROVINCIAL DEL CUSCO _cBIBLIOTECA MUNICIPAL DEL CUSCO |
||
| 082 |
_a869.5 / _bM39 |
||
| 100 |
_aMejia, Feliciano _93116 |
||
| 245 |
_aKantuta negra / _cFeliciano Mejia |
||
| 260 |
_aLima : _bAmaro, _c1990. |
||
| 300 |
_a115 paginas ; _b5 Ilustraciones. _c20 cm. |
||
| 505 | _aPoesía | ||
| 650 |
_aPoesías peruanas _91481 |
||
| 650 |
_apoesías revolucionarias _93117 |
||
| 650 |
_aImagineria _93118 |
||
| 942 |
_2ddc _cLIBROS |
||
| 945 |
_aacv _d2019-02-25 |
||